Harry Potter and the Goblet of Fire - Chapters - Statistics

General Stats
  • This quiz has been taken 117 times
  • The average score is 27 of 37
Answer Stats
Chapter % Correct
20 The First Task
93%
26 The Second Task
93%
31 The Third Task
93%
6 The Portkey
90%
23 The Yule Ball
90%
8 The Quidditch World Cup
88%
1 The Riddle House
88%
16 The Goblet of Fire
85%
7 Bagman and Crouch
83%
13 Mad-Eye Moody
83%
9 The Dark Mark
80%
22 The Unexpected Task
80%
2 The Scar
78%
12 The Triwizard Tournament
78%
17 The Four Champions
75%
19 The Hungarian Horntail
75%
4 Back to the Burrow
73%
15 Beauxbatons and Durmstrang
73%
3 The Invitation
70%
14 The Unforgivable Curses
70%
18 The Weighing of the Wands
70%
27 Padfoot Returns
68%
33 The Death Eaters
68%
5 Weasley’s Wizard Wheezes
68%
24 Rita Skeeter’s Scoop
65%
10 Mayhem at the Ministry
63%
25 The Egg and the Eye
63%
32 Flesh, Blood, and Bone
60%
37 The Beginning
60%
36 The Parting of the Ways
60%
29 The Dream
58%
28 The Madness of Mr Crouch
58%
21 The House-Elf Liberation Front
55%
30 The Pensieve
55%
11 Aboard the Hogwarts Express
53%
35 Veritaserum
50%
34 Priori Incantatem
48%
No matching quizzes found
Score Distribution
Percent of People with Each Score
Percentile by Number Answered
Your Score History
You have not taken this quiz